000
00272nam a22001217a 4500
008
180122b xxu||||| |||| 00| 0 eng d
041
_a
eng
080
_a
32
100
_a
19
101
_a
POL
245
_a
THE LIBRARY OF POLITICAL ECONOMY
_c
DEREK.R
942
_2
udc
_c
BK
999
_c
40687
_d
40687